000 00447nam a2200169Ia 4500
001 32577
003 IN-NITTTR
005 20251114233434.0
008 251113s9999||||xx |||||||||||||| ||eng||
040 _beng
040 _cIN-NITTTR
041 _aeng
082 _aTK7881.15
100 _aTrzynadlowski, Andrzej
245 0 _aPower Electronic Converters and Systems :
_b Frontiers and Applications /
_cTrzynadlowski, Andrzej
942 _2ddc
_cBK
999 _c35452
_d35452